000 00210nam a2200097Ia 4500
008 240331s9999 xx 000 0 und d
082 _bRIC
100 _aRitcharson,J
245 0 _aPorin padippenaigal
942 _cL
999 _c4631
_d4631